Guess Rapper By Album - Statistics

General Stats
  • This quiz has been taken 350 times
  • The average score is 33 of 63
Answer Stats
Album Rapper % Correct
ASTROWORLD Travis Scott
97%
? XXXTentacion
94%
Damn Kendrick Lamar
92%
Scorpion Drake
91%
Legends Never Die Juice WRLD
90%
Jesus Is King Kanye West
88%
We Love You Tecca Lil Tecca
88%
IGOR Tyler, The Creator
88%
Wunna Gunna
86%
Quavo Huncho Quavo
82%
Get Rich Or Die Tryin 50 Cent
81%
Tha Carter 3 Lil Wayne
81%
All Eyez On Me Tupac
81%
2014 Forest Hills Drive J. Cole
79%
AI Youngboy 2 NBA Youngboy
77%
I Am > I Was 21 Savage
76%
Eternal Atake Lil Uzi Vert
76%
Kamikaze Eminem
75%
Culture 3 Migos
73%
The GOAT Polo G
73%
Top Shotta NLE Choppa
72%
Invasion Of Privacy Cardi B
71%
Straight Outta Compton N.W.A
68%
Die Lit Playboi Carti
68%
The Blueprint Jay-Z
66%
My Turn Lil Baby
66%
Shoot For The Stars, Aim For The Moon Pop Smoke
65%
2001 Dr Dre
61%
Love Letter To You 4 Trippie Redd
61%
Pink Friday Nicki Minaj
59%
Please Excuse Me For Being Antisocial Roddy Ricch
58%
Ready To Die Biggie
57%
So Much Fun Young Thug
57%
KIRK DaBaby
55%
High Off Life Future
55%
Hollywood Is Bleeding Post Malone
48%
Father Of 4 Offset
47%
The Voice Lil Durk
45%
It Was Written Nas
44%
The Last Rocket Takeoff
42%
Harverd Dropout Lil Pump
41%
Destined 2 Win Lil Tjay
39%
Dummy Boy 6ix9ine
37%
Father Of Asahd DJ Khaled
33%
Bobby Tarantino 2 Logic
32%
Find The Beat Blueface
26%
Certified Hit Maker Lil Mosey
26%
Championships Meek Mill
26%
Good News Megan Thee Stallion
24%
Detroit 2 Big Sean
20%
Port Of Miami 2 Rick Ross
20%
Perfect Ten Mustard
18%
Fuck Love The Kid Laroi
17%
New Toronto 3 Tory Lanez
17%
Indigo Chris Brown
16%
Pray 4 Love Rod Wave
15%
Thats What They All Say Jack Harlow
11%
Trapped On Cleveland 3 Lil Keed
11%
Girl Code City Girls
10%
Still Swervin G Herbo
10%
Die 4 Respect DDG
9%
Queen Of Da Souf Mulatto
8%
Life Of Betrayal Yungeen Ace
8%
No matching quizzes found
Score Distribution
Percent of People with Each Score
Percentile by Number Answered
Your Score History
You have not taken this quiz